=LDR 00000nam 2200000 4500 =001 INLIS000000000038891 =005 20130612144540 =008 ***********************************ind** =035 ##$$0010-061300000038891 =041 ##$$a ind =082 ##$$a 813 =090 ##$$a 813, Ste b =100 ##$$a STEEL,Danille =245 ##$$a Bara kelana/Danielle steel;Alih bahasa,Thress susila stuti =260 ##$$a 2000 $b Jakarta =300 ##$$a 548 Hlm, 18 Cm =650 ##$$a FIKSI =700 ##$$a SUSILASTUTI, Thress =850 ##$$a NBPNMAT